=LDR 00000nam 2200000 4500 =001 INLIS000000000033242 =005 20230414083316 =035 ##$$a 0010-061300000033242 =008 230414################g##########0#ind## =041 ##$$a ind =082 ##$$a 345.056 =090 ##$$a 345.056, Lem,p =100 ##$$a Lemek,Jeremias =245 1#$$a Penuntun Praktis Membuat Pledoi /$c Jeremias Lemek, SH. =260 ##$$a Yogyakarta :$b New Merah Putih,$c 2008 =300 ##$$a 190 hlm. ; $c 23 x 15 cm. =650 #4$$a Pledoi =850 ##$$a NBPNMAT =020 ##$$a 978-979-18359-2-3 =084 ##$$a 345.056 LEM p =990 ##$$a 21003355 =990 ##$$a 21003352 =990 ##$$a 21003353 =990 ##$$a 21003354